000 00496nam a22001817a 4500
999 _c20215
_d20215
003 BDDh-ASL
005 20231015025847.0
008 201227s1911 e ||||| |||| 00| 0 eng d
040 _cBDDh-ASL
082 _a297
_bSHE
100 1 _92613
_aShairani, Hafiz Mahmud Khan
245 _aEarly Christian Legends and Fables Concerning Islam /
260 _aLondon:
_bLuzac & Co.,
_c1911.
300 _a52 p.:
_c20 cm.
650 0 _91652
_aIslam
650 0 _92587
_aChristianity
942 _2ddc
_cBK